| 000 | 01223nam a2200253Ia 4500 | ||
|---|---|---|---|
| 003 | Ost | ||
| 005 | 20260507075455.0 | ||
| 008 | 260507s9999||||xx |||||||||||||| ||und|| | ||
| 020 | _a3210709977 | ||
| 040 | _cfsecg | ||
| 041 | _aara | ||
| 082 | _a341.75 | ||
| 100 |
_aالفقى، عاطف محمد _eمؤلف |
||
| 245 | 0 |
_aقانون التجارة البحرية / _c عاطف محمد الفقى |
|
| 260 |
_aالاسكندرية: _bدار الفكر الجامعي, _c2008 |
||
| 300 |
_a461 صفحة؛ _bإيضاحات ؛ _c24 سم |
||
| 504 | _aبيبليوغرافيا ص. 455 | ||
| 520 | _aالسفينة النظام القانوني للسفينة ، الحقوق العينية التي ترد على السفينة ، الحجز على السفينة أشخاص الملاحة البحرية : ملك السفينة ، الأشخاص البحريون ، الاشخاص البريون استغلال السفينة : عقد النقل البحري للبضائع ، عقد النقل البحري للأشخاص ، ايجار السفينة | ||
| 653 | _aاستغلال السفينة | ||
| 653 | _aتجارة بحرية | ||
| 653 | _aقانون | ||
| 653 | _aناقل بحري | ||
| 942 | _cكتاب | ||
| 999 |
_c44660 _d44660 |
||